Normal view MARC view
  • Joglekar G D (2k6220)

Entry Personal Name

Number of records used in: 1

001 - CONTROL NUMBER

  • control field: 102125

003 - CONTROL NUMBER IDENTIFIER

  • control field: OSt

005 - DATE AND TIME OF LATEST TRANSACTION

  • control field: 20221007215917.0

008 - FIXED-LENGTH DATA ELEMENTS

  • fixed length control field: 221007|| aca||aabn | a|a d

040 ## - CATALOGING SOURCE

  • Original cataloging agency: OSt
  • Transcribing agency: OSt

100 ## - HEADING--PERSONAL NAME

  • Personal name: Joglekar G D (2k6220)

670 ## - SOURCE DATA FOUND

  • Source citation: Work cat.: (OSt)69283: Joglekar G D (2k6220), Online Bus Reservation System, 2008